Govt. of
Madhya Pradesh

Nanaji deshmukh an epitome of indian social work (Record no. 68992)

MARC details
000 -LEADER
fixed length control field 00327nam a22001097a 4500
082 ## - DEWEY DECIMAL CLASSIFICATION NUMBER
Classification number 920/DAS
100 ## - MAIN ENTRY--AUTHOR NAME
Personal name Ed. by Dash,Bishnu mohan and Mithilesh kumar
245 ## - TITLE STATEMENT
Title Nanaji deshmukh an epitome of indian social work
260 ## - PUBLICATION, DISTRIBUTION, ETC. (IMPRINT)
Place of publication New delhi
Name of publisher Concept publishing company pvt. ltd.
Year of publication 2021
650 ## - SUBJECT ADDED ENTRY--TOPICAL TERM
Topical Term Biography
942 ## - ADDED ENTRY ELEMENTS (KOHA)
Koha item type Books
Holdings
Withdrawn status Lost status Damaged status Not for loan Home library Current library Date acquired Cost, normal purchase price Full call number Accession Number Price effective from Koha item type
        MACL MACL 09/04/2026 850.00 920/DAS CRE040468 09/04/2026 Books